00000000nam##2200000za#4500
0019.666126
003CaOODSP
00520210615122641
007ta
008150407|2005||||xxc|||||     f|0| 0 iku|d
020 |a0-662-68679-9
040 |aCaOODSP|bfre
041 7|aiku
041 7|aiku
041 |aeng
041 |afre
043 |an-cn---
0861 |aR2-371/2005
1101 |aCanada.|bAffaires indiennes et du Nord. |bBureau régional du Nunavut.
24513|aLa terre - il faut l'utiliser intelligement : |blivre d'activités et à colorier
260 |aIqaluit - Nunavut : |bAffaires indiennes et du Nord. |c2005.
300 |a[20]p. : |bill. ; |c28 cm.
5203 |aCe livre d’activités et livre à colorier raconte l’histoire de deux enfants qui accompagnent leur grand-père qui participe au processus d’examen environnemental entrepris lorsqu’une entreprise étudie la possibilité d’ouvrir une mine près de son camp d’été.
546 |aTexte en anglais, français, inuktitut and inuinaqtuin.
563 |aCouverture souple
590 |a05-10|b2005-03-11
69107|aÉvaluation environnementale|2gcpds
69107|aProtection de l'environnement|2gcpds
7760#|tThe land - ours to use wisely : |w(CaOODSP)9.675005
791 |tThe land - ours to use wisely : |eeng|w(CaOODSP)9.666125
986 |aQS-8628-010-HI-AEF-A1